MARC details
| 000 -CABECERA |
| campo de control de longitud fija |
00966nam a2200217 a 4500 |
| 001 - NÚMERO DE CONTROL |
| campo de control |
000005648 |
| 005 - FECHA Y HORA DE LA ÚLTIMA TRANSACCIÓN |
| campo de control |
20200929151730.0 |
| 008 - DATOS DE LONGITUD FIJA--INFORMACIÓN GENERAL |
| campo de control de longitud fija |
970227s1996 ck b b 000 0dspa |
| 020 ## - NÚMERO INTERNACIONAL ESTÁNDAR DEL LIBRO |
| Número Internacional Estándar del Libro |
9586122581 |
| 040 ## - FUENTE DE LA CATALOGACIÓN |
| Centro catalogador/agencia de origen |
DO-SdBNP |
| Lengua de catalogación |
spa |
| Centro/agencia transcriptor |
BNPHU |
| 082 ## - NÚMERO DE LA CLASIFICACIÓN DECIMAL DEWEY |
| Número de clasificación |
320.9861 |
| Número de documento/Ítem |
V732v |
| 100 1# - ENTRADA PRINCIPAL--NOMBRE DE PERSONA |
| Nombre de persona |
Villegas Botero, Luis Javier, |
| Fechas asociadas al nombre |
1941- |
| 9 (RLIN) |
15978 |
| 245 14 - MENCIÓN DE TÍTULO |
| Título |
Las vías de legitimación de un poder : |
| Resto del título |
la administración presidida por Pedro Justo Berrío en el Estado Soberano de Antioquia, 1864-1873 / |
| Mención de responsabilidad, etc. |
Luis Javier Villegas Botero. |
| 260 ## - PUBLICACIÓN, DISTRIBUCIÓN, ETC. |
| Lugar de publicación, distribución, etc. |
Santafé de Bogotá, Colombia : |
| Nombre del editor, distribuidor, etc. |
Colcultura, |
| Fecha de publicación, distribución, etc. |
1996. |
| 300 ## - DESCRIPCIÓN FÍSICA |
| Extensión |
xxv, 169 p. : |
| Otras características físicas |
il. ; |
| Dimensiones |
21 cm. |
| 586 ## - NOTA DE PREMIOS |
| Nota de premios |
Premios nacionales de cultura, 1995 |
| 500 ## - NOTA GENERAL |
| Nota general |
Adaptación de la tesis (Maestría) - Universidad Nacional de Colombia. |
| 504 ## - NOTA DE BIBLIOGRAFÍA, ETC. |
| Nota de bibliografía, etc. |
Incluye referencias bibliográficas: (p. 161-169). |
| 600 10 - PUNTO DE ACCESO ADICIONAL DE MATERIA--NOMBRE DE PERSONA |
| Nombre de persona |
BERRÍO, PEDRO JUSTO, |
| Fechas asociadas al nombre |
1827-1875. |
| 9 (RLIN) |
15979 |
| 651 #0 - PUNTO DE ACCESO ADICIONAL DE MATERIA--NOMBRE GEOGRÁFICO |
| Nombre geográfico |
Antioquia (Colombia : Departamento{Rpara} |
| Subdivisión general |
Política Y Gobierno |
| 9 (RLIN) |
15980 |